000 00350nam a2200133Ia 4500
008 240624s9999 xx 000 0 und d
041 _aeng
082 _a332.6327 SAH
100 _aSAHADEVAN K G
245 _aMUTUAL FUNDS DATA INTERPRETATION AND ANA
260 _c2004
_aNew Delhi
_bPrentice-Hall
300 _axvii, : 165 : p. : cm. ; 24
365 _cRS
999 _c457
_d457